Metodología para la selección de aeropuertos rurales

שמור ב:
מידע ביבליוגרפי
מחבר ראשי: Fernández Vaglio, Luis Alberto
פורמט: לא ידוע
יצא לאור: [San José : Costa Rica] 1982
נושאים:
תגים: הוספת תג
אין תגיות, היה/י הראשונ/ה לתייג את הרשומה!

MARC

LEADER 00000 a2200000 4500
003 001795
005 20221231143749.0
008 140114s1982 c a m 000 ||s d
040 |c cru CEDI 
090 |a TFG 1214 
100 |a Fernández Vaglio, Luis Alberto  |9 15528 
245 |a Metodología para la selección de aeropuertos rurales 
260 |c 1982  |a [San José : Costa Rica] 
300 |a  70 hojas ; 27 cm  
500 |a Proyecto de graduación (ingeniero civil)--Universidad de Costa Rica. Facultad de Ingeniería. Escuela de Ingeniería Civil 
650 |x AEROPUERTOS   |x  COSTA RICA  |9 15529 
942 |c TFG 
999 |c 11451  |d 11451